The Runners-Up: All-Time Team Scoring - Statistics

General Stats
  • This quiz has been taken 3 times
  • The average score is 25 of 30
Answer Stats
Hint Answer % Correct
76ers Allen Iverson
100%
Heat Alonzo Mourning
100%
Clippers Blake Griffin
100%
Wizards Bradley Beal
100%
Nets Buck Williams
100%
Blazers Clyde Drexler
100%
Spurs David Robinson
100%
Pelicans David West
100%
Hornets Dell Curry
100%
Hawks Dominique Wilkins
100%
Lakers Jerry West
100%
Pistons Joe Dumars
100%
Jazz John Stockton
100%
Bucks Kareem Abdul-Jabbar
100%
Timberwolves Karl-Anthony Towns
100%
Thunder Kevin Durant
100%
Grizzles Marc Gasol
100%
Magic Nick Anderson
100%
Celtics Paul Pierce
100%
Bulls Scottie Pippen
100%
Knicks Walt Frazier
100%
Raptors Chris Bosh
67%
Nuggets Dan Issel
67%
Kings Jack Twyman
67%
Cavs Zydrunas Ilgauskas
67%
Rockets Calvin Murphy
33%
Pacers Rik Smits
33%
Mavs Rolando Blackman
33%
Suns Alvan Adams
0%
Warriors Wilt Chamberland
0%
No matching quizzes found
Score Distribution
Percent of People with Each Score
Percentile by Number Answered
Your Score History
You have not taken this quiz